Countries Using Least Sanitary Toilets - Statistics

General Stats
  • This quiz has been taken 86 times
  • The average score is 11 of 16
Answer Stats
% Country % Correct
14 Niger
88%
20 D.R. Congo
87%
8 Chad
81%
20 R. Congo
79%
7 Ethiopia
73%
17 Liberia
69%
11 South Sudan
69%
18 Uganda
68%
16 Togo
64%
12 Eritrea
62%
18 Ghana
62%
16 Sierra Leone
62%
16 Benin
60%
19 Burkina Faso
54%
11 Madagascar
53%
13 Papua New Guinea
37%
No matching quizzes found
Score Distribution
Percent of People with Each Score
Percentile by Number Answered
Your Score History
You have not taken this quiz